| 000 | 01535nam a2200337 i 4500 | ||
|---|---|---|---|
| 003 | EG-ScBUE | ||
| 005 | 20230403095926.0 | ||
| 008 | 100701s2005 ua f 000 0 eng d | ||
| 017 | _a2005 / 16255 | ||
| 020 | _a9773058387 | ||
| 040 |
_aEG-ScBUE _bara _erda _cEG-ScBUE _dEG-ScBUE |
||
| 041 | 1 |
_aeng _hhun |
|
| 082 | 0 | 4 |
_222 _a792.09 _bج ي ر |
| 100 | 1 |
_915763 _aجيرج، سيكاي، _eمؤلف. |
|
| 245 | 1 | 0 |
_aعلم اجتماع المسرح : _bرسم تاريخي تخطيطي لعلم الاجتماع في فرع من فروع الفن - المسرحية / _cتأليف أ. د. سيكاي جيرج ؛ ترجمة أ. د. كمال الدين عيد ؛ مراجعة أ. د. عصام عبد العزيز. |
| 264 | 1 |
_aالقاهرة : _bوزارة الثقافة, _c[2005] |
|
| 300 |
_a2 مجلد ؛ _c20 سم. |
||
| 336 |
_2rdacontent _aنص _btxt |
||
| 337 |
_2rdamedia _aبدون وسيط _bn |
||
| 338 |
_2rdacarrier _aمجلد _bnc |
||
| 490 | 0 |
_aمهرجان القاهرة الدولي للمسرح التجريبي ؛ _v17 |
|
| 505 | 0 | _aالمجلد الأول -- المجلد الثاني. | |
| 546 | _aالنص باللغة العربية وتم ترجمته من اللغة المجرية. | ||
| 650 | 7 |
_915764 _aالمسرح _xتاريخ. _2BUEsh |
|
| 650 | 7 |
_915765 _aالمسرح _xآداب السلوك. _2BUEsh |
|
| 653 | _bART | ||
| 655 | _vReading book | ||
| 700 | 1 |
_915766 _aعيد، كمال الدين، _cمترجم. |
|
| 700 | 1 |
_915767 _aعبد العزيز, عصام، _cمراجع. |
|
| 942 |
_2ddc _cBB |
||
| 999 |
_c14351 _d14351 |
||